000 00642nam a2200217 a 4500
999 _c3670
_d3670
001 3670
003 BD-JhCC
005 20171115211946.0
008 171115s1967 bg a|||| |||| 000 0 ben d
035 _a(BD-JhCC)3670
040 _aBD-JhCC
_dBD-JhCC
041 _aben
082 _a891.4409
_bAHA 1967
100 _aআহমদ, ফয়েজ
245 _aপিকিং থেকে লিখছি /
_cফয়েজ আহমদ.
260 _aঢাকা :
_bচয়নিকা প্রকাশণী,
_c1967.
300 _a159 p. :
_billus.,
_c21 cm.
650 _aBengali Literature.
942 _2ddc
_cBK